Movie Plots Explained Badly - Statistics

General Stats
  • This quiz has been taken 476 times
    446 since last reset
  • The average score is 9 of 32
Answer Stats
Plot Movie % Correct
A Single father travels thousands of miles with an amnesiac woman to rescue his disabled son from kidnappers Finding Nemo
66%
A lonely guy in a forest kisses a corpse while seven other guys watch Snow White and the Seven Dwarfs
65%
A Girl wakes up from a long nap to see a guy standing over her Sleeping Beauty
63%
An illegal immigrant chased by the feds E.T. Extra Terrestrial
60%
A Woman contracts Stockholm Syndrome while being held hostage in a mansion Beauty and the Beast
59%
Donald Trump acts like a human being for 3 seconds Home Alone 2
54%
A group of men spend 9 hours returning Jewellery Lord of the Rings
50%
A billionaire devotes his dead parent's fortune to cosplay and beating up the mentally ill The Dark Knight
46%
A Mentally challenged man gets friend-zoned for three decades Forrest Gump
43%
An Uncle uses a traffic accident to kill his brother and chase his nephew away The Lion King
41%
A Disfigured man has an unhealthy obsession with a teenage boy over many years Harry Potter
37%
An old guy gets high after his wife dies Up
37%
A Frustrated homeowner goes to abduct a woman for a short tempered tyrant who hates immigrants Shrek
36%
A Teenage girl abandons all her standards to win back a horny greasy teenager Grease
29%
A lunatic enslaving workers in a sweatshop slowly kills children in front of there parents Willy Wonka and the Chocolate Factory
28%
A Grumpy Emo chick ponders whether or not to shag a corpse or a dog over several years Twilight
26%
An unheard report of public transportation running ahead of schedule Speed
18%
Siblings come out of the closet The Chronicles of Narnia
17%
A beautiful princess just gets catfished Aladdin
15%
A Deadbeat father tries to get his son to take over the family business Star Wars, The Empire Strikes Back
14%
An Awkward University student forcibly binds different men together and photographs them for money Spiderman
13%
A families first Air BNB experience turns to disaster The Shining
13%
A wise-cracking boiler room technician teaches teenagers to believe in their dreams A Nightmare on Elm Street
12%
A Sarcastic Mercenary with a pet bear intervenes to stop incest between a brother and his sister Star Wars, Return of the Jedi
12%
A paranoid billionaire wearing a costume fights an immigrant Batman Vs Superman
10%
After the death of her parents, a young socialite causes millions of dollars in property damage Frozen
10%
An emo teen can't live up to his grandfather's legacy and takes it out on his dad Star Wars, The Force Awakens
7%
An alcoholic orphan and his manager burn down his ancestral family home Skyfall
5%
A skinny teenager makes a black friend but the father doesn't approve How to Train Your Dragon
4%
A bullied disfigured child learns that people are only nice to you when they need something Rudolph the Red-Nosed Reindeer
4%
A drunk keeps losing his vehicles Pirates of the Caribbean
3%
A Man has a hard time getting a ride home Cast Away
2%
No matching quizzes found
Score Distribution
Percent of People with Each Score
Percentile by Number Answered
Your Score History
You have not taken this quiz since the last reset